La Premsa i la ràdio /
Descripción Física:
2 pàg. ; il. b/n ; 28 cm.
Colección:
Arrel : revista editada per la Diputació de Barcelona
; Núm. 6 (octubre-desembre, 1983) ; pàgs. 43-44
Otros Autores:
Puntas i Calveras, Jordi
MARC
| LEADER | 00000nab a2200000 a 4500 | ||
|---|---|---|---|
| 001 | 8160 | ||
| 003 | Arxiu | ||
| 005 | 20260414085045.0 | ||
| 008 | 160829s9999 xx 000 0 cat d | ||
| 100 | 1 | |a Grifell, Quirze |9 42626 | |
| 245 | |a La Premsa i la ràdio / |c Q.G.S. i J.P.C. | ||
| 260 | |a Barcelona : |b Diputació de Barcelona ; |c 1983 | ||
| 300 | |a 2 pàg. ; |b il. b/n ; |c 28 cm. | ||
| 490 | |a Arrel : revista editada per la Diputació de Barcelona ; |v Núm. 6 (octubre-desembre, 1983) ; pàgs. 43-44 |x 0211-562X | ||
| 650 | |a Mitjans de comunicació de massa locals |x Catalunya |9 34247 | ||
| 650 | |a Premsa comarcal |x Berguedà |9 34248 | ||
| 650 | |a Ràdio local |x Berguedà |9 34249 | ||
| 700 | |a Puntas i Calveras, Jordi |9 42628 | ||
| 856 | 4 | |u https://media.diba.cat/diba/fitxers/arxiu/hemeroteca/arrel/8160/bib_8160_1981_1984_n06_a12_baixa.pdf |y Accés lliure | |
| 900 | |a bib_8160_1981_1984_n06_a12_baixa.pdf | ||
| 901 | |a Arxiu | ||
| 942 | |n 1 |2 udc |c Articles de revista | ||
| 952 | |0 0 |1 0 |2 udc |4 0 |6 REV93 |7 1 |9 46441 |a Arxiu |b Arxiu |d 2016-12-01 |o Rev-93 |r 2016-12-01 00:00:00 |w 2016-12-01 |y ARXIU | ||
| 999 | |c 50226 |d 50226 | ||